| 000 | 00881nam a2200241 a 4500 | ||
|---|---|---|---|
| 001 | 000042335 | ||
| 005 | 20201002040104.0 | ||
| 008 | 131126s2013 dr acd 001 0 spa d | ||
| 020 | _a9789945165937 | ||
| 040 |
_aDO-SdBNP _bspa _cBNPHU |
||
| 082 |
_a746.92 _bD811n |
||
| 100 | 1 |
_aD´Oleo, Rucht _969403 |
|
| 245 | 1 | 3 |
_aEl negocio de la moda : _buna guía profesional completa de cómo diseñar, producir y mercadear una colección Ready-to-Wear / _cRucht D´Oleo. |
| 260 |
_aSanto Domingo : _bBúho, _c2013. |
||
| 300 |
_a98 p. : _bil., gráfcs., retrs. ; _c28 cm. |
||
| 504 | _aBibliografía : p. 97-98 | ||
| 590 | _aLa biblioteca posee tres ejemplares autografiados por el autor. | ||
| 590 | _aInventariado, 2018/LP | ||
| 650 | 4 |
_aModa _922271 |
|
| 650 | 4 |
_aDiseño de vestidos _922272 |
|
| 650 | 4 |
_aCreación de empresas _969404 |
|
| 910 | _aValidado. Control de calidad EMS | ||
| 999 |
_c41824 _d41824 |
||